Managing human resources : productivity, quality of work life, profits
Αποθηκεύτηκε σε:
| Κύριος συγγραφέας: | |
|---|---|
| Μορφή: | Βιβλίο |
| Γλώσσα: | English |
| Δημοσίευση: |
New York :
McGraw-Hill,
1989
|
| Έκδοση: | 2nd ed. |
| Σειρά: | McGraw-Hill series in management
|
| Θέματα: | |
| Ετικέτες: |
Προσθήκη ετικέτας
Δεν υπάρχουν, Καταχωρήστε ετικέτα πρώτοι!
|
MARC
| LEADER | 00000cam a2200000 i 4500 | ||
|---|---|---|---|
| 001 | 1/25914 | ||
| 008 | 950926s1989 eng d | ||
| 020 | |a 0070103771 | ||
| 035 | |l 10022574 | ||
| 040 | |a GR-MY-UA |b gre |e aacr | ||
| 041 | 0 | |a eng | |
| 082 | 0 | |a 658.3 |2 (20) | |
| 100 | 1 | |a Cascio, Wayne F. | |
| 245 | 1 | 0 | |a Managing human resources : |b productivity, quality of work life, profits / |c Wayne F. Cascio |
| 250 | |a 2nd ed. | ||
| 260 | |a New York : |b McGraw-Hill, |c 1989 | ||
| 300 | |a xxxiv, 693 σ.; |b εικ.; |c 24 εκ. | ||
| 490 | 1 | |a McGraw-Hill series in management | |
| 504 | |a Περιλαμβάνει βιβλιογραφικές παραπομπές και ευρετήριο | ||
| 650 | 0 | 0 | |a Personnel management. |
| 830 | 0 | |a McGraw-Hill series in management | |
| 852 | |a INST |b CHIOS |e 19960423 |h 658.3 CAS |p 005200000359 |q 005200000359 |t BK |y 0 | ||
| 852 | |a INST |b CHIOS |e 19960423 |h 658.3 CAS |p 005200001977 |q 005200001977 |t BK |y 0 | ||
| 909 | |a Χ |b 018407 | ||
| 909 | |a Χ |b 016707 | ||